[Event "WYCC U18 Open 2013"]
[Site "Al-Ain UAE"]
[Date "2013.12.18"]
[Round "1.19"]
[White "Laurusas, Tomas"]
[Black "Megalios, Konstantinos"]
[Result "1-0"]
[WhiteElo "2431"]
[BlackElo "2106"]
[WhiteFideId "12803731"]
[BlackFideId "4238044"]
[EventDate "2013.12.18"]

1. d4 Nf6 2. c4 e6 3. Nc3 Bb4 4. e3 c5 5. Ne2 cxd4 6. exd4 d5 7. a3 Be7 8. Nf4
O-O 9. Be3 Nc6 10. cxd5 Nxd5 11. Nfxd5 exd5 12. Bd3 Be6 13. O-O Rc8 14. Na4 Na5
15. Bf4 Nc4 16. b3 Nb6 17. Nb2 Bd6 18. Bxd6 Qxd6 19. f4 Bd7 20. f5 f6 21. Qd2
Rfe8 22. a4 Re7 23. a5 Na8 24. Na4 Bxa4 25. Rxa4 Nc7 26. Be2 Ne8 27. Bf3 Kf8 28.
Qb4 Qxb4 29. Rxb4 Nd6 30. Bxd5 Re2 31. Ra1 Rcc2 32. a6 b5 33. Bf3 Ra2 34. Rxa2
Rxa2 35. Bb7 Ke7 36. d5 Kd8 37. Rh4 h6 38. Rg4 Nxf5 39. Rg6 Kd7 40. g4 Nh4 41.
Rxg7+ Kd6 42. Bc6 Nf3+ 43. Kf1 Nd2+ 44. Ke1 Nf3+ 45. Kd1 Ra1+ 46. Kc2 Rxa6 47.
Kc3 Ne5 48. Bxb5 Ra1 49. Bc4 a5 50. Ra7 Kc5 51. Kb2 Rg1 52. Rxa5+ Kd4 53. Ba6
Rxg4 54. d6 Rg2+ 55. Ka3 Rg8 56. Bb7 Rd8 57. Rd5+ Kc3 58. Ka4 h5 59. b4 Nc4 60.
Rxh5 Rxd6 61. Rh3+ Kd4 62. Rh4+ Kc3 63. Bg2 Rb6 64. b5 Rd6 65. Rh3+ Kd4 66. Kb4
Ne3 67. Rh4+ Ke5 68. Re4+ Kf5 69. Rxe3 Kf4 70. Rc3 f5 71. Bc6 1-0

[Event "WYCC U18 Open 2013"]
[Site "Al-Ain UAE"]
[Date "2013.12.18"]
[Round "1.37"]
[White "Meisch, Tanguy"]
[Black "Igambergenov, Alibek"]
[Result "0-1"]
[BlackTitle "CM"]
[WhiteElo "1810"]
[BlackElo "2323"]
[WhiteFideId "4002407"]
[BlackFideId "13703404"]
[EventDate "2013.12.18"]

1. e4 e6 2. d4 d5 3. Nc3 Nf6 4. Bg5 Be7 5. e5 Nfd7 6. Bxe7 Qxe7 7. f4 a6 8. Bd3
Qb4 9. Ne2 Qxb2 10. O-O c5 11. Na4 Qa3 12. Nxc5 Nxc5 13. dxc5 Qxc5+ 14. Kh1 Nc6
15. Rb1 b5 16. Ng3 g6 17. Qg4 h5 18. Qg5 Qe7 19. Qxe7+ Kxe7 20. a4 b4 21. Rfc1
Bd7 22. c3 Rhb8 23. Ne2 bxc3 24. Nxc3 Nb4 25. Bf1 a5 26. Nb5 Bxb5 27. Bxb5 Rc8
28. Kg1 Na2 29. Rc6 Nc3 30. Rb2 Rab8 31. Ra6 Nxa4 32. Ra7+ Kf8 33. Rb3 Rc1+ 34.
Kf2 Nc3 0-1

[Event "WYCC U18 Open 2013"]
[Site "Al-Ain UAE"]
[Date "2013.12.20"]
[Round "3.33"]
[White "El Jawich, Amro"]
[Black "Igambergenov, Alibek"]
[Result "0-1"]
[WhiteTitle "FM"]
[BlackTitle "CM"]
[WhiteElo "2156"]
[BlackElo "2323"]
[WhiteFideId "5300380"]
[BlackFideId "13703404"]
[EventDate "2013.12.18"]

1. e4 c5 2. Nc3 d6 3. f4 Nc6 4. Nf3 g6 5. Bb5 Bg7 6. O-O e6 7. d3 Ne7 8. Qe1 O-O
9. f5 exf5 10. Qh4 Ne5 11. Bh6 N7c6 12. Ng5 f6 13. Bxg7 fxg5 14. Qh6 Rf7 15.
Bxe5 Nxe5 16. exf5 Bxf5 17. Rae1 Rf8 18. Bc4+ Kh8 19. Ne4 Bxe4 20. Rxf8+ Qxf8
21. Qxf8+ Rxf8 22. Rxe4 Rf4 23. Bd5 b6 24. Re3 Kg7 25. c3 Kf8 26. g3 Rf5 27. Be4
Ng4 28. Re1 Re5 29. d4 cxd4 30. cxd4 Ra5 31. Bf3 Nh6 32. a3 Nf5 33. d5 Rc5 34.
g4 Nd4 35. Be4 Rc4 36. Rf1+ Kg7 37. Bd3 Rc5 38. Be4 Ne2+ 39. Kf2 Nf4 40. Rd1 Kf6
41. Kf3 a5 42. h4 h6 43. Re1 Rb5 44. hxg5+ hxg5 45. Rb1 Rb3+ 46. Kf2 Ke5 47. Bc2
Rh3 48. Re1+ Kxd5 49. Rd1+ Kc5 50. Rc1 Kb5 0-1

[Event "WYCC U18 Open 2013"]
[Site "Al-Ain UAE"]
[Date "2013.12.21"]
[Round "4.18"]
[White "Hasenohr, Benedict"]
[Black "Ynojosa, Felix Jose"]
[Result "0-1"]
[BlackTitle "IM"]
[WhiteElo "2278"]
[BlackElo "2448"]
[WhiteFideId "1303309"]
[BlackFideId "3900258"]
[EventDate "2013.12.18"]

1. d4 Nf6 2. c4 e6 3. Nc3 Bb4 4. Qc2 O-O 5. e4 d5 6. e5 Ne4 7. Bd3 c5 8. Ne2
cxd4 9. Nxd4 Nd7 10. Bf4 Ndc5 11. O-O Bxc3 12. bxc3 Bd7 13. f3 Nxd3 14. Qxd3 Nc5
15. Qe3 dxc4 16. Bg5 f6 17. exf6 gxf6 18. Bh6 Rf7 19. f4 Qa5 20. Rf3 Kh8 21. Qe2
Nd3 22. Nxe6 Qb6+ 23. Nd4 Bg4 24. Raf1 Qa5 25. Qe4 Bxf3 26. Nxf3 Qc5+ 27. Nd4
Re7 28. Qf5 Qxf5 29. Nxf5 Rd7 30. g4 b5 31. Rb1 b4 32. cxb4 Re8 33. Ng3 c3 34.
f5 c2 35. Rf1 Nxb4 36. g5 Rd1 37. gxf6 Kg8 0-1

[Event "WYCC U18 Open 2013"]
[Site "Al-Ain UAE"]
[Date "2013.12.22"]
[Round "6.5"]
[White "Bajarani, Ulvi"]
[Black "Drozdowski, Kacper"]
[Result "1/2-1/2"]
[WhiteTitle "GM"]
[BlackTitle "IM"]
[WhiteElo "2500"]
[BlackElo "2463"]
[WhiteFideId "13403028"]
[BlackFideId "1136720"]
[EventDate "2013.12.18"]

1. e4 c5 2. Nf3 e6 3. c3 d5 4. exd5 exd5 5. d4 Nc6 6. Bb5 Bd6 7. O-O Ne7 8. dxc5
Bxc5 9. Nbd2 O-O 10. Nb3 Bd6 11. Bg5 Qc7 12. Bh4 Nf5 13. Bg5 h6 14. Bd2 Be6 15.
Bd3 Rac8 16. Rc1 Rfd8 17. Re1 Qb6 18. a3 Bf8 19. h3 Bd7 20. Qc2 Re8 21. Bf4 a5
22. Rxe8 Rxe8 23. Nbd2 Nd6 24. Rd1 Be6 25. Be3 Qc7 26. a4 Qc8 27. Nb3 Nc4 28.
Bf4 b6 29. Nbd4 Nxd4 30. Nxd4 Bd7 31. b3 Nd6 32. Be3 Ne4 33. c4 Nf6 34. Nb5 Bc5
35. Bxc5 Qxc5 36. cxd5 Qxc2 37. Bxc2 Bxb5 38. axb5 Rd8 39. d6 g6 40. f3 Rd7 41.
Be4 Ne8 42. Bc6 Rxd6 43. Re1 Nc7 44. Re7 Ne6 45. Rb7 Nd4 46. Rxb6 Kg7 47. Ra6
Nxb3 48. Kh2 Rd4 49. b6 Rb4 50. Bd5 a4 51. b7 Nc5 52. Ra7 h5 53. f4 h4 54. Kg1
a3 55. Rxa3 Nxb7 56. Ra7 Nd6 57. Rd7 Rb6 58. Kf2 Kf8 59. Kf3 Ke8 60. Ra7 Rb4 61.
Ra8+ Ke7 62. Ra7+ Ke8 63. Ra4 Rxa4 64. Bc6+ Ke7 65. Bxa4 f5 66. Ke3 1/2-1/2

[Event "WYCC U18 Open 2013"]
[Site "Al-Ain UAE"]
[Date "2013.12.24"]
[Round "8.25"]
[White "Ladva, Ottomar"]
[Black "Soysal, Serkan"]
[Result "1/2-1/2"]
[WhiteTitle "FM"]
[WhiteElo "2337"]
[BlackElo "2114"]
[WhiteFideId "4500024"]
[BlackFideId "6349250"]
[EventDate "2013.12.18"]

1. d4 Nf6 2. c4 e6 3. Nc3 Bb4 4. e3 d5 5. Ne2 O-O 6. a3 Be7 7. cxd5 exd5 8. Nf4
a5 9. Bd3 Re8 10. O-O c6 11. h3 Bd6 12. Nfe2 Bc7 13. Bd2 Qd6 14. Ng3 h5 15. f4
g6 16. Qf3 h4 17. Nge2 Kg7 18. Qf2 Rh8 19. Kh1 Bf5 20. Bxf5 gxf5 21. g3 hxg3 22.
Qxg3+ Kf8 23. Ng1 Nbd7 24. Nf3 Ke7 25. h4 Rag8 26. Qh3 Rg4 27. Be1 Rh5 28. Ne5
Rg8 29. Rg1 Rxg1+ 30. Kxg1 Qe6 31. b4 Kd8 32. b5 Nxe5 33. fxe5 Nd7 34. bxc6 bxc6
35. Ne2 f6 36. Nf4 Qg8+ 37. Kf1 Rh7 38. e6 Bxf4 39. Bxa5+ Bc7 40. Bxc7+ Kxc7 41.
exd7 Qg4 42. Qxg4 fxg4 43. Rb1 Rxh4 44. Rb7+ Kd8 45. Kf2 1/2-1/2

[Event "WYCC U18 Open 2013"]
[Site "Al-Ain UAE"]
[Date "2013.12.24"]
[Round "8.43"]
[White "Gstach, Jakob"]
[Black "Meisch, Tanguy"]
[Result "1-0"]
[WhiteElo "2227"]
[BlackElo "1810"]
[WhiteFideId "1628704"]
[BlackFideId "4002407"]
[EventDate "2013.12.18"]

1. d4 e6 2. c4 Nf6 3. Nc3 Bb4 4. e3 O-O 5. Ne2 d5 6. a3 Bxc3+ 7. Nxc3 b6 8. cxd5
Nxd5 9. e4 Nxc3 10. bxc3 Bb7 11. Bd3 Ba6 12. Bxa6 Nxa6 13. Qa4 Qc8 14. O-O c5
15. d5 exd5 16. exd5 Nc7 17. Rd1 Rd8 18. Qe4 b5 1-0

[Event "WYCC U18 Open 2013"]
[Site "Al-Ain UAE"]
[Date "2013.12.26"]
[Round "9.28"]
[White "Gstach, Jakob"]
[Black "Studer, Noel"]
[Result "1-0"]
[BlackTitle "FM"]
[WhiteElo "2227"]
[BlackElo "2385"]
[WhiteFideId "1628704"]
[BlackFideId "1319620"]
[EventDate "2013.12.18"]

1. d4 e6 2. c4 Nf6 3. Nc3 Bb4 4. e3 O-O 5. Ne2 d5 6. a3 Be7 7. cxd5 exd5 8. Nf4
a5 9. Bd3 Na6 10. O-O c6 11. f3 Nc7 12. Bc2 c5 13. Na4 cxd4 14. exd4 Ne6 15. Qd3
g6 16. g4 Bd6 17. Nxe6 fxe6 18. Bh6 Rf7 19. Rac1 b5 20. Nc5 e5 21. Bb3 Qb6 22.
Be3 a4 23. Ba2 b4 24. dxe5 Bxe5 25. Nd7 Bxh2+ 26. Kh1 Qd6 27. Nxf6+ Qxf6 28.
Qxd5 Be5 29. g5 Qf5 30. Qxf7+ Qxf7 31. Bxf7+ Kxf7 32. Rfd1 Be6 33. axb4 Bxb2 34.
Rc7+ Kg8 35. b5 a3 36. b6 a2 37. b7 Rf8 38. Bc5 Be5 39. Re7 Bb3 40. Re1 Bg3 41.
Bd4 Bf7 42. Rc1 1-0

[Event "WYCC U18 Open 2013"]
[Site "Al-Ain UAE"]
[Date "2013.12.28"]
[Round "11.30"]
[White "Mindlin, Alon"]
[Black "Alarcon Careaga, Gustavo"]
[Result "1/2-1/2"]
[WhiteElo "2307"]
[BlackElo "2133"]
[WhiteFideId "2800071"]
[BlackFideId "3411915"]
[EventDate "2013.12.18"]

1. d4 d5 2. c4 c6 3. Nf3 Nf6 4. Nc3 e6 5. Bg5 dxc4 6. e4 b5 7. e5 h6 8. Bh4 g5
9. Nxg5 hxg5 10. Bxg5 Nbd7 11. exf6 Bb7 12. Be2 Qb6 13. a4 a6 14. axb5 cxb5 15.
Bf3 O-O-O 16. Qe2 Nb8 17. Be3 Nc6 18. d5 Nd4 19. Bxd4 Qxd4 20. dxe6 Bb4 21.
Bxb7+ Kxb7 22. Qf3+ Kb6 23. O-O Bxc3 24. bxc3 Qd6 25. h3 Qxe6 26. Rfe1 Qd5 27.
Qe3+ Kb7 28. Qe7+ Rd7 29. Qa3 Qc6 30. Re7 Rd8 31. Rd1 Kb6 32. Rdxd7 Rxd7 33.
Rxd7 Qxd7 34. Qe7 Qd5 1/2-1/2